[Event "Gujarat op 3rd"]
[Site "Ahmedabad"]
[Date "2022.04.01"]
[Round "2"]
[White "Fawzy, Adham"]
[Black "Lakshyesh, Mohan Gupta"]
[Result "1-0"]
[WhiteElo "2490"]
[BlackElo "1777"]
[PlyCount "101"]
[EventDate "2022.03.31"]
[EventType "swiss"]
[EventRounds "10"]
[EventCountry "IND"]
[SourceTitle "CBM 207 Extra"]
[Source "ChessBase"]
[SourceDate "2022.05.31"]
[SourceVersion "1"]
[SourceVersionDate "2022.05.31"]
[SourceQuality "1"]

1. e4 e5 2. Nf3 Nc6 3. Bb5 a6 4. Bxc6 dxc6 5. 0-0 Bd6 6. d4 exd4 7. Qxd4 f6 8. Be3 Ne7 9. Nbd2 Ng6 10. Nc4 Be6 11. Nxd6+ Qxd6 12. Qxd6 cxd6 13. Nd4 Bc4 14. Rfd1 0-0 15. Nf5 d5 16. b3 Be2 17. Rd2 Bg4 18. Nd6 dxe4 19. Nxb7 Rfb8 20. Nd6 Rd8 21. h3 Be6 22. Nxe4 Rxd2 23. Bxd2 Bf5 24. Nd6 Bxc2 25. Rc1 Rd8 26. Bb4 Bd3 27. Rxc6 Ne7 28. Rc1 Nd5 29. Bc5 Nf4 30. Kh2 Bg6 31. b4 Ne2 32. Re1 Nc3 33. f4 Nb5 34. f5 Bf7 35. Nxf7 Kxf7 36. Re7+ Kg8 37. Re6 Ra8 38. a4 Nc3 39. a5 Nb5 40. g4 Nc7 41. Rd6 Nb5 42. Rc6 h6 43. Kg3 Kf7 44. Kf4 Nc3 45. Ke3 Nb5 46. Re6 Re8 47. Rxe8 Kxe8 48. Ke4 Nc7 49. Bd6 Nb5 50. Kd5 Na7 51. Bc5 1-0

[Event "Budapest FS02 Nadassy"]
[Site "Budapest"]
[Date "2020.02.11"]
[Round "10.7"]
[White "Lakshyesh, Mohan Gupta"]
[Black "Hitesh, Vasanwala"]
[Result "1-0"]
[WhiteElo "1761"]
[BlackElo "1837"]
[PlyCount "123"]
[EventDate "2020.02.01"]
[EventType "team-schev"]
[EventRounds "14"]
[EventCountry "HUN"]
[SourceTitle "CBM 194 Extra"]
[Source "ChessBase"]
[SourceDate "2020.03.31"]
[SourceVersion "1"]
[SourceVersionDate "2020.03.31"]
[SourceQuality "1"]
[WhiteTeam "B Team Lower Elo"]
[BlackTeam "A Team Higher Elo"]
[WhiteTeamCountry "HUN"]
[BlackTeamCountry "HUN"]

1. e4 c5 2. c3 d5 3. exd5 Qxd5 4. d4 Nc6 5. Nf3 Bf5 6. Na3 e6 7. Bc4 Qe4+ 8. Be2 cxd4 9. Nb5 Rc8 10. Nfxd4 Nxd4 11. Nxd4 Ne7 12. 0-0 Nc6 13. Bf3 Qh4 14. Bxc6+ bxc6 15. Nxf5 exf5 16. Re1+ Be7 17. Qd6 Kf8 18. Qd7 Rd8 19. Qxc6 Bd6 20. g3 Qg4 21. Be3 f4 22. Bc5 Bxc5 23. Qxc5+ Kg8 24. Qe7 Rf8 25. Rad1 g6 26. Qf6 fxg3 27. fxg3 Qf5 28. Qxf5 gxf5 29. Re5 Kg7 30. Rxf5 Re8 31. Rd7 Rhf8 32. Kf2 a6 33. Rd6 Re7 34. Rg5+ Kh8 35. Rgd5 Kg7 36. Rd8 Rxd8 37. Rxd8 Re5 38. Rd4 a5 39. b3 Kf6 40. c4 Ke6 41. Rd5 Rxd5 42. cxd5+ Kxd5 43. Ke3 h5 44. a3 Ke5 45. h4 Kf5 46. Kf3 Ke5 47. b4 axb4 48. axb4 Kd5 49. Kf4 Kc4 50. Kg5 Kxb4 51. Kxh5 Kc5 52. Kg5 Kd5 53. h5 Ke5 54. h6 f6+ 55. Kg6 f5 56. h7 f4 57. h8Q+ Ke4 58. Qh4 Kf3 59. Qxf4+ Kg2 60. Kg5 Kh1 61. Qd2 Kg1 62. Kg4 1-0

[Event "Chigorin Memorial 27th"]
[Site "St Petersburg"]
[Date "2019.10.13"]
[Round "9"]
[White "Lakshyesh, Mohan Gupta"]
[Black "Kolchin, Maxim"]
[Result "1-0"]
[WhiteElo "1635"]
[BlackElo "2077"]
[PlyCount "63"]
[EventDate "2019.10.05"]
[EventType "swiss"]
[EventRounds "9"]
[EventCountry "RUS"]
[SourceTitle "EXT 2021"]
[Source "ChessBase"]
[SourceDate "2020.10.23"]
[SourceVersion "1"]
[SourceVersionDate "2020.10.23"]
[SourceQuality "1"]

1. e4 e5 2. Nf3 Nc6 3. Bc4 Bc5 4. b4 Bb6 5. a4 a6 6. 0-0 Nf6 7. Bb2 d6 8. a5 Ba7 9. b5 axb5 10. Bxb5 Bd7 11. Nc3 g5 12. Nxg5 Rg8 13. h4 h6 14. Nf3 Bh3 15. Ng5 hxg5 16. gxh3 g4 17. a6 Qc8 18. axb7 Qxb7 19. Ra6 Bb6 20. Rxa8+ Qxa8 21. Nd5 gxh3+ 22. Kh1 Ng4 23. Nb4 Qa5 24. Bxc6+ Kf8 25. Nd3 Qa7 26. f3 Nf6 27. Kh2 Nh5 28. Qa1 Nf4 29. Nxf4 Bg1+ 30. Kh1 exf4 31. Qxa7 Bxa7 32. Ra1 1-0

[Event "Chigorin Memorial 27th"]
[Site "St Petersburg"]
[Date "2019.10.11"]
[Round "7"]
[White "Lakshyesh, Mohan Gupta"]
[Black "Vorobieva, Varvara"]
[Result "1-0"]
[WhiteElo "1635"]
[BlackElo "2015"]
[PlyCount "49"]
[EventDate "2019.10.05"]
[EventType "swiss"]
[EventRounds "9"]
[EventCountry "RUS"]
[SourceTitle "EXT 2021"]
[Source "ChessBase"]
[SourceDate "2020.10.23"]
[SourceVersion "1"]
[SourceVersionDate "2020.10.23"]
[SourceQuality "1"]

1. e4 c6 2. d4 d5 3. Nd2 dxe4 4. Nxe4 Nd7 5. Bc4 Ngf6 6. Nxf6+ Nxf6 7. Nf3 Bf5 8. c3 e6 9. Bf4 Be7 10. Ne5 0-0 11. 0-0 h6 12. Qe2 Nd5 13. Bd2 Qc7 14. Bd3 Bxd3 15. Qxd3 c5 16. Qg3 f6 17. Ng6 Qxg3 18. fxg3 Rfd8 19. c4 Kf7 20. Ne5+ Ke8 21. cxd5 fxe5 22. dxe6 cxd4 23. Rf7 Bf6 24. Bb4 a5 25. Rf8# 1-0

[Event "Chigorin Memorial 27th"]
[Site "St Petersburg"]
[Date "2019.10.05"]
[Round "1"]
[White "Khudyakov, Stanislav"]
[Black "Lakshyesh, Mohan Gupta"]
[Result "1-0"]
[WhiteElo "2160"]
[BlackElo "1635"]
[PlyCount "67"]
[EventDate "2019.10.05"]
[EventType "swiss"]
[EventRounds "9"]
[EventCountry "RUS"]
[SourceTitle "EXT 2020"]
[Source "ChessBase"]
[SourceDate "2019.10.17"]
[SourceVersion "1"]
[SourceVersionDate "2019.10.17"]
[SourceQuality "1"]

1. Nf3 d5 2. b3 b6 3. Bb2 c5 4. g3 Nc6 5. Bg2 e6 6. 0-0 Nf6 7. c4 Bb7 8. cxd5 exd5 9. d4 Be7 10. Nc3 0-0 11. Rc1 Nxd4 12. Nxd4 cxd4 13. Qxd4 Bc5 14. Qd3 Re8 15. e3 d4 16. Bxb7 dxc3 17. Qxc3 Rb8 18. Bf3 Qc8 19. b4 Be7 20. Bc6 Rd8 21. b5 Qh3 22. Bg2 Qh6 23. Qb3 Ng4 24. h3 Nf6 25. Rc6 Rbc8 26. Rfc1 Rxc6 27. bxc6 Rc8 28. Qa4 Bc5 29. Qxa7 Nh5 30. Qb7 Re8 31. Qd7 Rxe3 32. Qd8+ Bf8 33. c7 Nxg3 34. Qxf8+ 1-0